cultura generale - Statistics

Statistiche generali
  • Questo quiz è stato fatto 149 volte
  • Il punteggio medio è 7 su 10
Statistiche sulle risposte
Domanda Risposta % Corretto
NUMERO DI MAGLIA DI CRISTIANO RONALDO 7
93%
NAZIONALE CHE HA VINTO IL MAGGIOR NUMERO DI MONDIALI BRASILE
93%
CAPITALE AUSTRALIA CANBERRA
86%
ANIMALE SIMBOLO DELLA FRANCIA GALLO
86%
IN CHE GIORNO HA AVUTO INIZIO LA SECONDA GUERRA MONDIALE 1 SETTEMBRE 1939
76%
IN CHE REGIONE SI TROVA PESCARA ABRUZZO
76%
CHI ERA AUGUSTO PINOCHET DITTATORE CILENO
66%
CHI HA SCRITTO WONDERWALL OASIS
52%
FIUME PIÙ LUNGO D'EUROPA VOLGA
34%
CITTÀ PIÙ VISITA AL MONDO LONDRA
10%
Nessun quiz corrispondente trovato
Distribuzione punteggi
Percentuale di utenti per punteggio
Percentile per numero di risposta
I tuoi punteggi nel tempo
Non hai fatto questo quiz